[Event "Montevideo Trebejos Primavera op"]
[Site "Montevideo"]
[Date "2022.11.14"]
[Round "5"]
[White "Vaz Lacuesta, Leonardo"]
[Black "Rodriguez Lazo, Luis A"]
[Result "0-1"]
[WhiteElo "2067"]
[BlackElo "1856"]
[PlyCount "76"]
[EventDate "2022.10.17"]
[EventType "swiss"]
[EventRounds "6"]
[EventCountry "URU"]
[SourceTitle "EXT 2024"]
[Source "ChessBase"]
[SourceDate "2023.10.10"]
[SourceVersion "1"]
[SourceVersionDate "2023.10.10"]
[SourceQuality "1"]

1. e4 c6 2. d4 d5 3. exd5 cxd5 4. c4 Nc6 5. Be3 Nf6 6. Nc3 Be6 7. c5 g6 8. Bb5 Bg7 9. Nf3 0-0 10. Bxc6 bxc6 11. Ne5 Qc7 12. Qa4 Rac8 13. h3 Nd7 14. Nf3 Bf5 15. g4 Bd3 16. Rd1 Bc4 17. Nd2 Bd3 18. Qa3 f5 19. f4 e5 20. dxe5 Nxe5 21. Nxd5 cxd5 22. fxe5 Qxe5 23. Qxd3 Qg3+ 24. Ke2 Qg2+ 25. Ke1 Qxh1+ 26. Nf1 f4 27. Bf2 Qe4+ 28. Kd2 Rfe8 29. Kc1 Qxd3 30. Rxd3 Re2 31. Rd2 f3 32. Rxe2 fxe2 33. Ng3 Bh6+ 34. Kc2 Rxc5+ 35. Kd3 Rc1 36. Kxe2 a6 37. Kd3 Bg7 38. b3 Ra1 0-1

[Event "URU-ch 92nd"]
[Site "Montevideo"]
[Date "2022.04.16"]
[Round "9"]
[White "Vaz Lacuesta, Leonardo"]
[Black "Vazquez, Facundo"]
[Result "0-1"]
[WhiteElo "2010"]
[BlackElo "2338"]
[PlyCount "88"]
[EventDate "2022.04.08"]
[EventType "tourn"]
[EventRounds "11"]
[EventCountry "URU"]
[EventCategory "1"]
[SourceTitle "CBM 207 Extra"]
[Source "ChessBase"]
[SourceDate "2022.05.31"]
[SourceVersion "1"]
[SourceVersionDate "2022.05.31"]
[SourceQuality "1"]

1. e4 c5 2. Nc3 e6 3. Nge2 Nc6 4. g3 Nf6 5. Bg2 h5 6. h3 d6 7. d3 Be7 8. Be3 Bd7 9. Qd2 a6 10. a3 e5 11. f4 Nd4 12. Rb1 Qc7 13. Bxd4 cxd4 14. Nd1 Qb6 15. 0-0 Rc8 16. Nf2 0-0 17. Kh2 Qc7 18. Rbc1 Bc6 19. Bf3 d5 20. Rg1 dxe4 21. dxe4 Rfd8 22. Rg2 b6 23. Ng1 Bb7 24. fxe5 Qxe5 25. Nd3 Qa5 26. Qe2 Qg5 27. Re1 Re8 28. h4 Qh6 29. Nh3 Bd6 30. Qf2 Bxe4 31. Ng5 Bxf3 32. Qxf3 Rxe1 33. Nxe1 Ng4+ 34. Kg1 Qf6 35. Ne4 Qxf3 36. Nxf3 Be5 37. Rd2 f5 38. Neg5 Bxg3 39. Nxd4 Bxh4 40. Nh3 Rd8 41. c3 Bf6 42. Nf3 Rxd2 43. Nxd2 Ne5 44. b3 g5 0-1

[Event "URU-ch sf"]
[Site "Montevideo"]
[Date "2022.03.01"]
[Round "7"]
[White "Benitez, Andres"]
[Black "Vaz Lacuesta, Leonardo"]
[Result "0-1"]
[WhiteElo "1978"]
[BlackElo "2018"]
[PlyCount "128"]
[EventDate "2022.02.26"]
[EventType "swiss"]
[EventRounds "7"]
[EventCountry "URU"]
[SourceTitle "CBM 207 Extra"]
[Source "ChessBase"]
[SourceDate "2022.05.31"]
[SourceVersion "1"]
[SourceVersionDate "2022.05.31"]
[SourceQuality "1"]

1. e4 e6 2. d3 d5 3. Nd2 c5 4. Ngf3 Nc6 5. g3 Nf6 6. Bg2 Be7 7. 0-0 0-0 8. Re1 b5 9. e5 Nd7 10. Nf1 Qc7 11. Bf4 Bb7 12. h4 h6 13. N1h2 Rfc8 14. Qd2 Bf8 15. h5 a5 16. g4 a4 17. a3 b4 18. g5 hxg5 19. Bg3 Be7 20. Nxg5 Nd4 21. Bh3 Qd8 22. Ngf3 b3 23. Nxd4 cxd4 24. cxb3 axb3 25. Rac1 Ba6 26. Bf1 Rxc1 27. Rxc1 Rc8 28. Nf3 Rxc1 29. Qxc1 Qb6 30. Bf4 Nc5 31. Qb1 Na4 32. Nd2 Qb5 33. Be2 Bxa3 34. bxa3 Nc3 35. Qe1 b2 36. Nb1 Nxe2+ 37. Qxe2 Qxd3 38. Qxb2 Qd1+ 39. Kh2 Bf1 40. Nd2 Qxh5+ 41. Kg1 Be2 42. Bg3 Qg4 43. a4 Bd3 44. a5 Qe2 45. Qc1 Kh7 46. Nb3 Qa2 47. Nc5 Bc4 48. Nb7 d3 49. Bf4 Qb3 50. Nd6 Kg8 51. Qe3 Qd1+ 52. Kg2 Qa1 53. Qa7 d2 54. Qxf7+ Kh7 55. Qh5+ Kg8 56. Qe8+ Kh7 57. Qh5+ Kg8 58. Bxd2 Qf1+ 59. Kg3 Qg1+ 60. Kh3 Bf1+ 61. Kh4 Qxf2+ 62. Kg5 Qxd2+ 63. Kh4 Qf4+ 64. Qg4 Qh2+ 0-1

[Event "Montevideo Nazzari Cup"]
[Site "Montevideo"]
[Date "2019.10.18"]
[Round "5"]
[White "Vaz Lacuesta, Leonardo"]
[Black "Vazquez, Facundo"]
[Result "0-1"]
[WhiteElo "2103"]
[BlackElo "2103"]
[PlyCount "114"]
[EventDate "2019.10.14"]
[EventType "swiss"]
[EventRounds "7"]
[EventCountry "URU"]
[SourceTitle "CBM 192 Extra"]
[Source "Chessbase"]
[SourceDate "2019.11.06"]
[SourceVersion "1"]
[SourceVersionDate "2019.11.06"]
[SourceQuality "1"]

1. d4 Nf6 2. Bf4 g6 3. h3 Bg7 4. e3 d6 5. Nf3 0-0 6. Be2 b6 7. 0-0 Bb7 8. c4 Nbd7 9. Nc3 Ne4 10. Nxe4 Bxe4 11. Nd2 Bb7 12. Bg5 Re8 13. Bf3 Qb8 14. Qa4 Nf6 15. Bc6 Bxc6 16. Qxc6 Qd8 17. Rac1 Qd7 18. Qf3 c5 19. b3 Rac8 20. Rfd1 Qc7 21. Bxf6 Bxf6 22. Ne4 Bg7 23. Nc3 a6 24. Qg4 Qb7 25. a4 Red8 26. f4 e6 27. d5 f5 28. Qg5 e5 29. e4 Rf8 30. Rf1 exf4 31. exf5 Rxf5 32. Qg4 Rcf8 33. Ne4 Qe7 34. Qf3 Re5 35. Nd2 Re3 36. Qg4 Rg3 37. Qd1 Rd3 38. Rf3 Bd4+ 39. Kh2 Be3 40. Rc2 Qe5 41. Qe1 Re8 42. Kh1 Rxd2 43. Rxd2 Bxd2 44. Qxd2 Qe1+ 45. Qxe1 Rxe1+ 46. Kh2 g5 47. h4 h6 48. hxg5 hxg5 49. Kh3 Kg7 50. g3 Re3 51. Rxe3 fxe3 52. Kg2 Kf6 53. Kf3 Kf5 54. Kxe3 Kg4 55. Kf2 Kh3 56. Kf3 a5 57. Ke4 Kg4 0-1

[Event "Montevideo Nazzari Cup"]
[Site "Montevideo"]
[Date "2019.10.14"]
[Round "1"]
[White "Vaz Lacuesta, Leonardo"]
[Black "Hoffman, Alejandro"]
[Result "0-1"]
[WhiteElo "2103"]
[BlackElo "2449"]
[PlyCount "86"]
[EventDate "2019.10.14"]
[EventType "swiss"]
[EventRounds "7"]
[EventCountry "URU"]
[SourceTitle "CBM 192 Extra"]
[Source "Chessbase"]
[SourceDate "2019.11.06"]
[SourceVersion "1"]
[SourceVersionDate "2019.11.06"]
[SourceQuality "1"]

1. e4 e5 2. Nf3 d6 3. d4 exd4 4. Nxd4 Nf6 5. Nc3 Be7 6. Be2 0-0 7. 0-0 Re8 8. Bf4 Bf8 9. Bf3 c6 10. Re1 Nbd7 11. Bg3 Ne5 12. Be2 Ng6 13. Bf3 a5 14. a4 Qb6 15. Rb1 Bd7 16. Qd2 Rad8 17. h3 h6 18. Re3 Bc8 19. Nb3 Be6 20. Nd4 Ne5 21. Be2 Bc4 22. Bh4 g5 23. Rg3 Bxe2 24. Bxg5 hxg5 25. Qxg5+ Ng6 26. Qxf6 Bg7 27. Qg5 Qxd4 28. Nxe2 Qxe4 29. Re3 Qd5 30. Qxd5 cxd5 31. Rxe8+ Rxe8 32. Kf1 d4 33. Rd1 Rc8 34. c3 dxc3 35. bxc3 Rc4 36. Rxd6 Rxa4 37. Ke1 Ra1+ 38. Kd2 Bh6+ 39. Kc2 Ra2+ 40. Kd1 a4 41. Rd8+ Bf8 42. f4 a3 43. g4 Rb2 0-1

[Event "Montevideo Trebejos op 06"]
[Site "Montevideo"]
[Date "2019.06.28"]
[Round "4"]
[White "Vaz Lacuesta, Leonardo"]
[Black "Avedisian, Alexander"]
[Result "1-0"]
[WhiteElo "2093"]
[BlackElo "1817"]
[PlyCount "83"]
[EventDate "2019.06.19"]
[EventType "swiss"]
[EventRounds "7"]
[EventCountry "URU"]
[SourceTitle "EXT 2020"]
[Source "ChessBase"]
[SourceDate "2019.10.17"]
[SourceVersion "1"]
[SourceVersionDate "2019.10.17"]
[SourceQuality "1"]

1. e4 c5 2. Nf3 g6 3. d4 cxd4 4. Qxd4 Nf6 5. Bb5 Nc6 6. Qe3 Bg7 7. 0-0 0-0 8. h3 a6 9. Ba4 b5 10. Bb3 Na5 11. e5 Ne8 12. Bd5 Bb7 13. Bxb7 Nxb7 14. Rd1 Na5 15. Nc3 Nc7 16. b3 Nc6 17. Bb2 f6 18. Nd5 Nxd5 19. Rxd5 fxe5 20. Nxe5 Nxe5 21. Bxe5 Bxe5 22. Rxe5 e6 23. Rd1 Qe7 24. Red5 Rad8 25. Rd6 e5 26. Qa7 Rf7 27. Qxa6 e4 28. Qb6 Qh4 29. g3 Qg5 30. h4 Qe7 31. Re6 Qf8 32. Rxe4 Rc8 33. Re2 Rc5 34. Rde1 Rc6 35. Qxb5 Rf5 36. Qb7 Qd6 37. c4 Rf3 38. Kg2 Rf5 39. Qa7 Rcc5 40. Qa8+ Rf8 41. Re8 Rcf5 42. Rxf8+ 1-0

[Event "Montevideo Cao Memorial"]
[Site "Montevideo"]
[Date "2018.11.07"]
[Round "1"]
[White "Vaz Lacuesta, Leonardo"]
[Black "Quevedo, Andreina"]
[Result "1-0"]
[WhiteElo "2125"]
[BlackElo "1837"]
[PlyCount "69"]
[EventDate "2018.11.07"]
[EventType "swiss"]
[EventRounds "7"]
[EventCountry "URU"]
[SourceTitle "CBM 187 Extra"]
[Source "ChessBase"]
[SourceDate "2018.11.04"]
[SourceVersion "1"]
[SourceVersionDate "2018.11.04"]
[SourceQuality "1"]

1. e4 e5 2. Nf3 Nc6 3. Bc4 Bc5 4. 0-0 Nf6 5. d3 d6 6. h3 h6 7. c3 a6 8. a4 Ba7 9. Re1 g5 10. Nh2 Rg8 11. Be3 g4 12. Bxa7 gxh3 13. Be3 Rxg2+ 14. Kh1 Ng4 15. Nf3 Rxf2 16. Nbd2 Qf6 17. d4 Qg6 18. Rg1 Rg2 19. Qe1 Nxe3 20. Qxe3 exd4 21. cxd4 Qg3 22. Bf1 Rxg1+ 23. Qxg1 Qxg1+ 24. Kxg1 Bd7 25. Kh2 Ke7 26. Bxh3 Bxh3 27. Kxh3 Rg8 28. Rc1 Kd7 29. Nf1 Nb4 30. Rc3 h5 31. Ng3 Rh8 32. Kh4 Nc6 33. Nxh5 Ke7 34. d5 Nd8 35. Rxc7+ 1-0

[Event "URU-chTA"]
[Site "Montevideo"]
[Date "2018.07.07"]
[Round "3.22"]
[White "Vaz Lacuesta, Leonardo"]
[Black "Curi, Gabriel"]
[Result "1/2-1/2"]
[WhiteElo "2111"]
[BlackElo "2136"]
[PlyCount "103"]
[EventDate "2018.07.06"]
[EventType "team-swiss"]
[EventRounds "5"]
[EventCountry "URU"]
[SourceTitle "EXT 2019"]
[Source "ChessBase"]
[SourceDate "2018.10.10"]
[SourceVersion "1"]
[SourceVersionDate "2018.10.10"]
[SourceQuality "1"]
[WhiteTeam "Trebejos Piratas"]
[BlackTeam "Trebejos"]
[WhiteTeamCountry "URU"]
[BlackTeamCountry "URU"]

1. d4 d5 2. Bf4 Nf6 3. Nf3 c5 4. e3 Nc6 5. c3 Qb6 6. b3 Bf5 7. Bd3 Bxd3 8. Qxd3 e6 9. 0-0 Be7 10. Nbd2 0-0 11. h3 Rac8 12. Rfc1 Rfd8 13. a4 Nd7 14. Qe2 Re8 15. dxc5 Bxc5 16. b4 Bf8 17. a5 Qd8 18. Bg3 a6 19. Nb3 Na7 20. Nfd2 Qf6 21. Qd3 Ne5 22. Qd4 Nac6 23. Qb6 Nd3 24. Qxb7 Nxc1 25. Rxc1 e5 26. Qxa6 Nxb4 27. Qxf6 gxf6 28. cxb4 Rxc1+ 29. Nxc1 Bxb4 30. Ndb3 Ra8 31. f4 Bxa5 32. fxe5 Bc7 33. Nd3 fxe5 34. Bxe5 Bxe5 35. Nxe5 Ra3 36. Nd4 Rxe3 37. Ng4 Rd3 38. Nf5 d4 39. h4 f6 40. Nxf6+ Kf7 41. Ne4 Kg6 42. Nfg3 h5 43. Kf2 Ra3 44. Nd2 Ra8 45. Ke2 Ra2 46. Nge4 Ra3 47. Kf2 Kf5 48. g3 Re3 49. Nd6+ Kg4 50. N6e4 Kh3 51. Ng5+ Kg4 52. Nge4 1/2-1/2